| 000 | 00747nam a2200205Ii 4500 | ||
|---|---|---|---|
| 003 | JO-AjNU | ||
| 008 | 230605s9999||||xx |||||||||||||| ||und|| | ||
| 040 |
_aJO-AjNU _bara _erda _cJO-AjNU |
||
| 041 | _aara | ||
| 050 | 1 | 4 | _aBP55.J33.2004 |
| 100 | 3 |
_aجبر،دندل, _eauthor _919620 |
|
| 245 | 0 | 0 | _aدار الحرب:دار الاسلام-البلاد الإسلامية-دار السلم والأمان-دار العهد-المستأمنون-المعاهدات |
| 250 | _aط1 | ||
| 264 | 3 | 1 | _aعمان:دار عمار للنشر والتوزيع ، 2004 |
| 300 | _a111ص | ||
| 336 |
_atext _btxt _2rdacontent |
||
| 337 |
_aunmediated _bn _2rdamedia |
||
| 338 |
_avolume _bnc _2rdacarrier |
||
| 650 | 4 |
_aالبلاد الاسلامية _919621 |
|
| 999 |
_aA6506 _c10074 _d10074 |
||